<?xml version="1.0" encoding="UTF-8"?>
<collection xmlns="http://www.loc.gov/MARC21/slim">
 <record>
  <leader>01781nam a2200217Ia 4500</leader>
  <controlfield tag="001">CTU_83363</controlfield>
  <controlfield tag="008">210402s9999    xx            000 0 und d</controlfield>
  <datafield tag="082" ind1=" " ind2=" ">
   <subfield code="a">338.1</subfield>
  </datafield>
  <datafield tag="082" ind1=" " ind2=" ">
   <subfield code="b">H103</subfield>
  </datafield>
  <datafield tag="088" ind1=" " ind2=" ">
   <subfield code="a">60620115</subfield>
  </datafield>
  <datafield tag="100" ind1=" " ind2=" ">
   <subfield code="a">Lương, Thanh Hải</subfield>
  </datafield>
  <datafield tag="245" ind1=" " ind2="0">
   <subfield code="a">Điều tra và đánh giá hệ thống canh tác trên vùng đệm U Minh thượng Tỉnh Kiên Giang :</subfield>
  </datafield>
  <datafield tag="245" ind1=" " ind2="0">
   <subfield code="b">Luận văn Thạc sĩ Nông học. Chuyên ngành:  Kinh tế nông nghiệp</subfield>
  </datafield>
  <datafield tag="245" ind1=" " ind2="0">
   <subfield code="c">Lương Thanh Hải ; Hướng dẫn khoa học Võ Tòng Xuân, Nguyễn Văn Sánh</subfield>
  </datafield>
  <datafield tag="260" ind1=" " ind2=" ">
   <subfield code="a">Cần Thơ</subfield>
  </datafield>
  <datafield tag="260" ind1=" " ind2=" ">
   <subfield code="b">Đại học Cần Thơ</subfield>
  </datafield>
  <datafield tag="260" ind1=" " ind2=" ">
   <subfield code="c">[1998]</subfield>
  </datafield>
  <datafield tag="520" ind1=" " ind2=" ">
   <subfield code="a">Đề tài được thực hiện năm 1998 ở vùng U Minh Thượng tỉnh Kiên Giang, trên 5 tiểu vùng sinh thái, 195 mẫu điều tra nông hộ được thực hiện với số liệu thu thập gồm : nguồn lực, phân bố sử dụng đất và thu nhập từ hoạt động sản xuất của nông hộ, hệ thống hỗ trợ phát triển sản xuất, các trở ngại và đề xuất của nông hộ. Số liệu được xếp nhóm và phân tích theo tiểu vùng sinh thái, mô hình canh tác và theo nguồn lực nông hộ. Để so sánh mô hình canh tác, các chỉ số về lợi nhuận ( RAVC ); lời trên vốn đầu tư ( RFI ) và tỉ suất thu chi biên tế ( MBCR ) được ứng dụng để phân tích và đánh giá.</subfield>
  </datafield>
  <datafield tag="650" ind1=" " ind2=" ">
   <subfield code="a">Cropping Systems</subfield>
  </datafield>
  <datafield tag="904" ind1=" " ind2=" ">
   <subfield code="i">Vương, QHieu</subfield>
  </datafield>
  <datafield tag="980" ind1=" " ind2=" ">
   <subfield code="a">Trung tâm Học liệu Trường Đại học Cần Thơ</subfield>
  </datafield>
 </record>
</collection>
